000 00333nam a22001457a 4500
008 221007b ||||| |||| 00| 0 eng d
020 _a9780071742672
041 _aeng
080 _211TH EDITION
_a618
082 _a618DEC
100 _a15.2
101 _aGINE
245 _aOBSTETRICS GYNECOLOGY
_cDECHERNEY A
942 _2udc
_cBK
999 _c58410
_d58410